000 00874nam a2200301 a 4500
001 000108327
003 CHAP
005 20220329144008.0
008 140129s1999 txua |r| |||0|||eng d
010 _a104789
011 _a105761
040 _cCHAP
082 0 4 _a598.842045
_bW35
100 1 _aWauer, Roland H.
_9125284
245 1 4 _aThe American Robin /
_cpor Roland H. Wauer.
260 _aTexas :
_bUniversity of Texas Press,
_c1999.
300 _avii, 93 p. :
_bil.
504 _aincluye bibliografía
590 _aBATCH-UPD
_b05
_c20140129
_lUCH01
_h0957
590 _aE11695DGD
_b10
_c20140131
_lUCH01
_h0925
590 _aE5652GLJ
_b05
_c20140129
_lUCH01
_h0956
650 1 4 _aAves
_xDistribución.
_9125285
650 1 4 _aAves
_xFisiología y morfología.
_98608
650 1 4 _aAves
_xHábitos y conducta.
_98611
901 _aBK
942 _cLIBRO
942 _n0
999 _c104789
_d104789